000
00329nam a2200133Ia 4500
008
231217s9999 xx 000 0 und d
041
_a
English
082
_a
620.076 ROB1;1 R
100
_a
Robinson, AdamKatzman, John
245
0
_a
Princeton review cracking the new SAT
260
_c
2004
300
_a
x+632
942
_c
AA
999
_c
174874
_d
174874